Arjuna awardees / (Record no. 128879)

MARC details
000 -LEADER
fixed length control field 00737nam a22002417a 4500
003 - CONTROL NUMBER IDENTIFIER
control field dpl
005 - DATE AND TIME OF LATEST TRANSACTION
control field 20180626164949.0
008 - FIXED-LENGTH DATA ELEMENTS--GENERAL INFORMATION
fixed length control field 180626b xxu||||| |||| 00| 0 eng d
010 ## - LIBRARY OF CONGRESS CONTROL NUMBER
LC control number B-100141
020 ## - INTERNATIONAL STANDARD BOOK NUMBER
Terms of availability 180.00
International Standard Book Number 8123002860
035 ## - SYSTEM CONTROL NUMBER
System control number B-100141, B-100152
037 ## - SOURCE OF ACQUISITION
Source of stock number/acquisition Cen Lib/Ret
040 ## - CATALOGING SOURCE
Original cataloging agency DPL
Language of cataloging EN
Transcribing agency 0
082 ## - DEWEY DECIMAL CLASSIFICATION NUMBER
Classification number 796.079
Item number WAD
100 ## - MAIN ENTRY--PERSONAL NAME
Personal name Wadhwaney, K.R.
9 (RLIN) 93042
245 ## - TITLE STATEMENT
Title Arjuna awardees /
Statement of responsibility, etc by K.R.Wadhwaney
260 ## - PUBLICATION, DISTRIBUTION, ETC. (IMPRINT)
Place of publication, distribution, etc New Delhi
Name of publisher, distributor, etc Publications Division
Date of publication, distribution, etc 2002
270 ## - ADDRESS
Address Patiala House
City New Delhi
Postal code 110001
300 ## - PHYSICAL DESCRIPTION
Extent 471p.
Dimensions 22cm(pbk)
650 ## - SUBJECT ADDED ENTRY--TOPICAL TERM
Topical term or geographic name as entry element Sports -- India -- Reference books.
9 (RLIN) 24703
650 ## - SUBJECT ADDED ENTRY--TOPICAL TERM
Topical term or geographic name as entry element Athletes -- India -- Biography.
9 (RLIN) 93043
942 ## - ADDED ENTRY ELEMENTS (KOHA)
Source of classification or shelving scheme Dewey Decimal Classification
Koha item type English Books
Classification part 796.079
Call number suffix WAD
Holdings
Withdrawn status Lost status Damaged status Not for loan Home library Current library Date acquired Source of acquisition Cost, normal purchase price Total Checkouts Full call number Barcode Date last seen Copy number Cost, replacement price Price effective from Koha item type Collection code Source of classification or shelving scheme Date checked out
        Central Library Central Library 03/07/2015 Cen Lib/Ret 180.00   796.079 WAD B-100141 03/07/2015 1 180.00 15/09/2016 English Books      
      Not For Loan Central Library Central Library 27/07/2015 Cen Lib/Ret 180.00   796.079 WAD B-100142 27/07/2015 2 180.00 15/09/2016 English Books Reference    
        Shahdara Branch Shahdara Branch 26/06/2018 BPPD/PUB 180.00 1 796.079 WAD B-100152 08/05/2024   180.00 26/06/2018 English Books Non-fiction Dewey Decimal Classification 24/04/2024

© Delhi Public Library
Hit Counter
free hit counter